[Event "Heart of Finland"]
[Site "Jyvaskyla FIN"]
[Date "2010.07.07"]
[Round "4"]
[White "Jarvenpaa,J"]
[Black "Kiik,K"]
[Result "0-1"]
[WhiteElo "2123"]
[BlackElo "2444"]

1.e4 c5 2.Nf3 e6 3.d4 cxd4 4.Nxd4 Nc6 5.Nc3 d6 6.f4 Nf6 7.Nf3 Be7 8.Bd3 a6
9.O-O b5 10.Qe1 Nb4 11.Qg3 Qb6+ 12.Kh1 g6 13.Ng5 Nxd3 14.cxd3 b4 15.Be3 Qa5
16.Ne2 h6 17.Nf3 Bb7 18.Ned4 h5 19.Qe1 e5 20.Nc2 h4 21.Nxb4 h3 22.Nd5 hxg2+
23.Kxg2 Qd8 24.Bb6 Qd7 25.Nc7+ Kf8 26.Nxa8 d5 27.Kg1 exf4 28.Qe2 dxe4 29.dxe4 Bxa8
30.Bd4 g5 31.Rad1 Qg4+ 32.Qg2 Qxg2+ 33.Kxg2 g4 34.Nd2 f3+ 35.Kg1 Rh5 36.Rc1 Ne8
37.Rc8 Bb7 38.Rb8 Bc6 39.e5 Bg5 40.Rc1 Bb5 41.Rc2 Bf4 42.Ne4 Bxe5 43.Bxe5 Rxe5
44.Nf6 Kg7 45.Nxg4 Rg5 46.h3 f5 47.Rb7+ Kf8 48.Rc5 Nd6 49.Rb8+ Ke7 50.Re5+ Kd7
51.Rf8 Bd3 52.Kh2 Rg7 53.Nf6+ Kc6 54.Re1 f2 55.Rc1+ Nc4 56.Rc8+ Kb7 57.Rc5 Ne3
58.Ne8 f1=N+  0-1

[Event "IsBank TCh-TUR"]
[Site "Konya TUR"]
[Date "2010.07.07"]
[Round "12"]
[White "Yolal,Sena Gokcen"]
[Black "Tandogan,Buket"]
[Result "1-0"]
[WhiteElo "1662"]
[BlackElo "1553"]

1.e4 c5 2.Nf3 Nc6 3.Nc3 e6 4.d4 cxd4 5.Nxd4 Qc7 6.g3 a6 7.Bg2 Nf6 8.O-O Bc5
9.Nxc6 bxc6 10.Na4 Be7 11.c4 d6 12.Re1 O-O 13.b4 Rb8 14.c5 Rd8 15.Qc2 Rxb4
16.Ba3 Rb8 17.cxd6 Rxd6 18.e5 Rd4 19.Bxe7 Qxe7 20.exf6 Qa3 21.Bxc6 gxf6 22.Rad1 Rbb4
23.Rxd4 Rxd4 24.Rd1 Qd6 25.Rxd4 Qxd4 26.Be4 Bd7 27.Nc5 Bb5 28.Na4 Bd7 29.Nc5 Bb5
30.Bxh7+ Kg7 31.Bd3 Bc6 32.Ne4 Bb7 33.Nd2 f5 34.Kf1 Qa1+ 35.Nb1 Qd4 36.Nd2 Qa1+
37.Nb1 Qf6 38.Qc7 Bd5 39.Nc3 Qd4 40.Bxa6 Bf3 41.Be2 Bxe2+ 42.Kxe2  1-0

[Event "IsBank TCh-TUR"]
[Site "Konya TUR"]
[Date "2010.07.07"]
[Round "12"]
[White "Ataman,A"]
[Black "Afyoncu,O"]
[Result "1/2-1/2"]
[WhiteElo "2191"]
[BlackElo "2087"]

1.e4 c5 2.Nf3 Nc6 3.Nc3 e6 4.d4 cxd4 5.Nxd4 Qc7 6.g3 a6 7.Bg2 d6 8.O-O Bd7
9.Re1 Be7 10.h3 Nf6 11.Nde2 b5 12.a3 Rc8 13.b3 O-O 14.Bb2 Rfd8 15.Nf4 Bf8
16.Qd2 Ne7 17.Rad1 Bc6 18.Na2 e5 19.Nd3 Bb7 20.Bc3 Nc6 21.Qe2 Nd7 22.f4 Nc5
23.f5 f6 24.Bb2 Ne7 25.Nc3 Nd7 26.Rd2 Nb6 27.Nb4 a5 28.Nbd5 Nbxd5 29.Nxd5 Bxd5
30.exd5 Qc5+ 31.Kh2 Nxf5 32.Be4 Ne7 33.Qf3 Qa7 34.Rg1 Qd7 35.Rf1 Rc7 36.g4 Qe8
37.Qe3 Rc5 38.Qd3 Ng6 39.Re2 Rdc8 40.Bf5 R8c7 41.Qe4 Be7 42.Bc1 Nf8 43.g5 g6
44.gxf6 gxf5 45.Qxf5 Bxf6 46.Qxf6 Rxc2 47.Bd2 Rg7 48.Qxd6 e4 49.Ref2 Ng6
50.Be3 Rxf2+ 51.Bxf2 Qe5+ 52.Qxe5 Nxe5 53.Bd4 Nf3+ 54.Rxf3 exf3 55.Bxg7 Kxg7
56.Kg3 Kf6 57.Kxf3 Ke5 58.Kg3 Kf6 59.Kf3 Ke5  1/2-1/2

[Event "XII Open"]
[Site "Torredembarra ESP"]
[Date "2010.07.07"]
[Round "5"]
[White "Gomez Garrido,C"]
[Black "Ivanov,Jo"]
[Result "1-0"]
[WhiteElo "2499"]
[BlackElo "2422"]

1.e4 c5 2.Nf3 e6 3.d4 cxd4 4.Nxd4 Nc6 5.Nc3 Qc7 6.Be3 a6 7.Qd2 Nf6 8.O-O-O Be7
9.f3 h5 10.Bd3 Ne5 11.f4 Nxd3+ 12.Qxd3 b5 13.e5 Ng4 14.h3 Nxe3 15.Qxe3 Bb7
16.Rd3 Rc8 17.Rhd1 Bc5 18.R1d2 O-O 19.Ne4 Bxe4 20.Qxe4 Rcd8 21.g4 f5 22.Qe2 fxg4
23.hxg4 Qb6 24.Qf3 Bxd4 25.Rxd4 hxg4 26.Qxg4 Rf7 27.Qg6 Qc6 28.Qh5 Rf5 29.Qh4 Rdf8
30.Rxd7 Qf3 31.b3 Rxf4 32.Rxg7+ Kxg7 33.Qg5+  1-0

[Event "Heart of Finland"]
[Site "Jyvaskyla FIN"]
[Date "2010.07.08"]
[Round "5"]
[White "Kiuttu,R"]
[Black "Agopov,M"]
[Result "1-0"]
[WhiteElo "2234"]
[BlackElo "2436"]

1.e4 c5 2.Nf3 Nc6 3.d4 cxd4 4.Nxd4 e6 5.Nc3 d6 6.g4 h6 7.Bg2 Qc7 8.O-O Nf6
9.h3 a6 10.Re1 Be7 11.a4 O-O 12.Be3 Ne5 13.Nce2 d5 14.exd5 Nxd5 15.Bxd5 exd5
16.Ng3 Nc6 17.c3 Bd6 18.Ndf5 Bxf5 19.Nxf5 Rad8 20.Qd2 Ne5 21.Qe2 Rfe8 22.Bd4 f6
23.Rad1 Kf7 24.Bxe5 Bxe5 25.Qf3 Qc4 26.Kg2 Kg8 27.Rd3 Kh7 28.Red1 Qxa4 29.Rxd5 Rxd5
30.Rxd5 Qc6 31.Rd1 Re6 32.Qxc6 Rxc6 33.Kf3 Rc4 34.Rd7 Rc7 35.Rxc7 Bxc7 36.Ke4 Kg6
37.h4 h5 38.gxh5+ Kxh5 39.Nxg7+ Kxh4 40.Ne8 Bb6 41.Nxf6 Bxf2 42.Kd5 Be3 43.Ne4 b5
44.Nc5 a5 45.Kc6 b4 46.c4 Kg5 47.Kb5 Kf5 48.Nb3 Ke4 49.Nxa5 Bd2 50.b3 Kd4
51.Nc6+  1-0

[Event "9th Open"]
[Site "La Fere FRA"]
[Date "2010.07.08"]
[Round "7"]
[White "Matschek,N"]
[Black "Poulain,A"]
[Result "1/2-1/2"]
[WhiteElo "1683"]
[BlackElo "1815"]

1.e4 c5 2.Nc3 e6 3.Nge2 Nc6 4.d4 cxd4 5.Nxd4 Nf6 6.Nxc6 bxc6 7.Qd4 Be7 8.Bd3 Qc7
9.e5 Nd5 10.Nxd5 cxd5 11.O-O Bc5 12.Qf4 d6 13.Qg5 g6 14.Qf6 Rg8 15.exd6 Bxd6
16.Bb5+ Bd7 17.Bxd7+ Qxd7 18.Be3 Be7 19.Qc3 Rc8 20.Qb3 Bf6 21.c3 g5 22.Rad1 Qc7
23.Qa4+ Qd7 24.Qxa7 Qxa7 25.Bxa7 Ra8 26.Bd4 Bxd4 27.Rxd4  1/2-1/2

[Event "ch-SWE"]
[Site "Lund SWE"]
[Date "2010.07.08"]
[Round "6"]
[White "Berg,E"]
[Black "Abdollah Zadeh,A"]
[Result "1/2-1/2"]
[WhiteElo "2612"]
[BlackElo "2143"]

1.e4 c5 2.Nf3 e6 3.d4 cxd4 4.Nxd4 Nc6 5.Nc3 Qc7 6.Be3 a6 7.Qd2 Nf6 8.O-O-O Bb4
9.f3 Ne5 10.Nb3 b5 11.Qd4 Be7 12.Be2 d6 13.g4 O-O 14.g5 Nfd7 15.f4 Nc6 16.Qd2 Nc5
17.Nxc5 dxc5 18.Bf3 Rd8 19.Qf2 Nd4 20.Bxd4 cxd4 21.e5 Bb7 22.Bxb7 Qxb7 23.Ne2 d3
24.cxd3 Rxd3 25.Rxd3 Qxh1+ 26.Qg1 Qe4 27.Qe3 Rc8+ 28.Kb1 Qh1+ 29.Qg1 Qe4
30.Qe3 Qh1+ 31.Qg1 Qe4 32.Qe3 Qh1+  1/2-1/2

[Event "38th TCh-GRE DivA"]
[Site "Peristeri GRE"]
[Date "2010.07.08"]
[Round "4"]
[White "Stiri,A"]
[Black "Paganoglou,A"]
[Result "1-0"]
[WhiteElo "2215"]
[BlackElo "1974"]

1.e4 c5 2.Nf3 e6 3.d4 cxd4 4.Nxd4 Nc6 5.Nc3 Qc7 6.Be3 a6 7.Qd2 Nf6 8.O-O-O Be7
9.f3 h5 10.Nb3 Ne5 11.Bd4 b5 12.Kb1 Nc4 13.Bxc4 bxc4 14.Nc1 e5 15.Bf2 Rb8
16.N1e2 Ba3 17.b3 O-O 18.Bh4 cxb3 19.cxb3 Qc6 20.Bxf6 Qxf6 21.Nd5 Qe6 22.Ng3 f6
23.Nxh5 Bb7 24.Qa5 Bd6 25.Ng3 g6 26.Qd2 Bc6 27.h4 Ba4 28.Qh6 Qf7 29.h5 g5  1-0

[Event "ch-IRL"]
[Site "Dublin IRL"]
[Date "2010.07.09"]
[Round "7"]
[White "Fitzsimons,D"]
[Black "Kalam,A"]
[Result "1-0"]
[WhiteElo "2263"]
[BlackElo "1646"]

1.e4 c5 2.Nf3 e6 3.d4 cxd4 4.Nxd4 Nc6 5.Nc3 Bb4 6.Nb5 Nge7 7.Bf4 e5 8.Be3 O-O
9.a3 Bxc3+ 10.Nxc3 f5 11.Bc4+ Kh8 12.f3 fxe4 13.fxe4 a6 14.Qd2 b5 15.Be2 Qa5
16.Bf3 Qd8 17.O-O d6 18.Rad1 Be6 19.Qxd6 Qxd6 20.Rxd6 Bc4 21.Rfd1 Rad8 22.Rxd8 Rxd8
23.Rxd8+ Nxd8 24.Bg5 Nec6 25.Bxd8 Nxd8 26.Nd5 Bxd5 27.exd5 Nb7 28.b3 Nd6
29.Be2 Kg8 30.Kf2 a5 31.Ke3 b4 32.axb4 axb4 33.Kd3 Kf7 34.c3 bxc3 35.Kxc3 Ke7
36.Kb4 Kd7 37.Ka5 Kc7 38.Ka6 e4 39.b4 e3 40.b5 Nc8 41.Bd3 h6 42.Ka5 g5 43.Kb4 Kd6
44.Kc4 Nb6+ 45.Kd4 Nxd5 46.g3 h5 47.Bc4 h4 48.g4 Nf6 49.Be2 Nd5 50.Bf3 Nb6
51.Kxe3 Ke5 52.Kd3 Kf4 53.Bd1 Nd7 54.Kd4 Nb8 55.Kd5 Nd7 56.Kc6 Ne5+ 57.Kc7 Nxg4
58.b6 Ne3 59.Bb3 Kf5 60.Be6+ Kf4 61.b7 g4 62.b8=Q g3 63.hxg3+ hxg3 64.Qf8+ Ke4
65.Bh3 g2 66.Bxg2+ Nxg2 67.Qa8+  1-0

[Event "3rd Open"]
[Site "Paracin SRB"]
[Date "2010.07.09"]
[Round "1"]
[White "Borjanovic,V"]
[Black "Nikolov,Sas"]
[Result "1/2-1/2"]
[WhiteElo "2102"]
[BlackElo "2409"]

1.e4 c5 2.Nf3 e6 3.d4 cxd4 4.Nxd4 Nc6 5.Nc3 Qc7 6.Be3 a6 7.Qd2 b5 8.f4 Nf6
9.e5 b4 10.Na4 Nd5 11.Bf2 g5 12.fxg5 Qxe5+ 13.Be2 Bg7 14.Nf3 Qf4 15.O-O Nd4
16.Rad1 Qxd2 17.Rxd2 Nxe2+ 18.Rxe2 Bb7 19.Bd4 Rg8 20.Nc5 Nf4 21.Rd2 Bxd4+
22.Nxd4 Nh3+ 23.Kh1 Bd5 24.Nf5 Nxg5 25.h4 exf5 26.Rxd5 Ne6 27.Nxd7 O-O-O
28.Nf6 Rxd5 29.Nxd5  1/2-1/2

[Event "GM"]
[Site "Bogota COL"]
[Date "2010.07.10"]
[Round "1"]
[White "Zambrana,O"]
[Black "Cordova,E"]
[Result "1-0"]
[WhiteElo "2515"]
[BlackElo "2560"]

1.e4 c5 2.Nf3 e6 3.d4 cxd4 4.Nxd4 Nc6 5.Nc3 Qc7 6.Be3 a6 7.Qd2 Nf6 8.O-O-O Bb4
9.f3 O-O 10.g4 Ne5 11.g5 Nh5 12.Kb1 d6 13.Be2 Nc4 14.Bxc4 Qxc4 15.Nde2 f5
16.a3 Bxc3 17.Nxc3 f4 18.Bb6 d5 19.Rhe1 Qc6 20.Qf2 dxe4 21.Nxe4 e5 22.Bc5 Re8
23.Rd6 Qc7 24.Bb6 Qe7 25.Rd2 Bf5 26.Nd6 Qxg5 27.Nxe8 Rxe8 28.Bd4 e4 29.fxe4 Bxe4
30.Bc3 Qf5 31.Qd4 Bc6 32.Qc4+ Qf7 33.Rxe8+ Bxe8 34.Qc8 Qe7 35.Rd8 Kf7 36.Qf5+ Nf6
37.Bxf6 Qxf6 38.Qh5+ Qg6 39.Qe5 Qg1+ 40.Ka2 Qe3 41.Rxe8 Qxe5 42.Rxe5 Kf6
43.Re4 g5 44.Kb3 f3 45.Re8 Kf5 46.Kc3 Kg4 47.Rf8  1-0

[Event "3rd Open"]
[Site "Paracin SRB"]
[Date "2010.07.10"]
[Round "2"]
[White "Popovic,AM"]
[Black "Andrijevic,M"]
[Result "1-0"]
[WhiteElo "2244"]
[BlackElo "2375"]

1.e4 c5 2.Nf3 Nc6 3.d4 cxd4 4.Nxd4 e6 5.Nc3 Qc7 6.f4 a6 7.Be2 b5 8.Be3 Bb7
9.O-O b4 10.Na4 Nxd4 11.Qxd4 Nf6 12.Bf3 h5 13.h3 h4 14.c3 bxc3 15.Rac1 Nh5
16.Rfd1 Bc6 17.Rxc3 Ng3 18.Nb6 Rd8 19.Nc4 Bxe4 20.Ne5 Qb7 21.Rb3 Qa8 22.Qa4 Bd5
23.Bxd5 exd5 24.Bb6 Ne4 25.Rbd3 Bc5+ 26.Bxc5 Nxc5 27.Re3 O-O 28.Qd4 Ne6 29.Qxd5 Qa7
30.Qf3 Nd4 31.Qf2 Nf5 32.Red3 Qc7 33.Rd5 Ng3 34.Kh2 Rfe8 35.Qd4 Nf5 36.Qd3 g6
37.Rxd7 Rxd7 38.Qxd7 Qxd7 39.Rxd7 Rc8 40.Rxf7 Rc1 41.Rf6 Ng3 42.Rxg6+ Kf8
43.Rxg3 hxg3+ 44.Kxg3 Rc2 45.Nd3 a5 46.a4 Ke7 47.Kf3 Rd2 48.Ne5 Rxb2 49.Nc4 Rb3+
50.Kg4 Ke6 51.Nxa5 Rb2 52.g3 Kd5 53.h4 Rb8 54.h5 Ke4 55.Nc6 Rg8+ 56.Kh4 Rh8
57.a5 Rh6 58.Ne5 Ra6 59.Kg5 Rxa5 60.h6 Ra7 61.g4 Ra1 62.Ng6 Ra7 63.f5 Rb7
64.Nf8 Rf7 65.Ne6  1-0

[Event "ch-Paris Int"]
[Site "Paris FRA"]
[Date "2010.07.10"]
[Round "8"]
[White "Sethuraman,S"]
[Black "Gharamian,T"]
[Result "1/2-1/2"]
[WhiteElo "2513"]
[BlackElo "2650"]

1.e4 c5 2.Nf3 e6 3.d4 cxd4 4.Nxd4 Nc6 5.Nc3 Qc7 6.Be2 a6 7.O-O Nf6 8.Be3 Be7
9.f4 d6 10.Kh1 O-O 11.Qe1 Bd7 12.Qg3 b5 13.a3 Nxd4 14.Bxd4 Bc6 15.Rae1 g6
16.f5  1/2-1/2

[Event "ch-Paris Int"]
[Site "Paris FRA"]
[Date "2010.07.10"]
[Round "8"]
[White "Moussard,J"]
[Black "Kunte,A"]
[Result "0-1"]
[WhiteElo "2276"]
[BlackElo "2521"]

1.e4 c5 2.Nf3 e6 3.d4 cxd4 4.Nxd4 Nc6 5.Nc3 Qc7 6.Be2 a6 7.O-O Nf6 8.Be3 d6
9.f4 Be7 10.Qe1 O-O 11.Qg3 Nxd4 12.Bxd4 b5 13.Bd3 Bb7 14.a3 e5 15.fxe5 Nh5
16.Qh3 dxe5 17.Qxh5 exd4 18.Nd5 Bxd5 19.exd5 g6 20.Qg4 Rad8 21.Qe4 Bd6 22.g3 Rde8
23.Qg2 Re3 24.Kh1 Rfe8 25.g4 Qb7 26.a4 b4 27.Rf6 Re1+ 28.Rxe1 Rxe1+ 29.Rf1 Re3
30.Rf3 Re5 31.Rf4 a5 32.Rxd4 Re1+ 33.Bf1 Qa6 34.Rd3 b3 35.Qf2 Rxf1+ 36.Qxf1 bxc2
37.Rf3 Qxf1+ 38.Rxf1 Bf4 39.b4 axb4 40.a5 c1=Q 41.Rxc1 Bxc1 42.d6 Kf8  0-1

[Event "38th TCh-GRE DivA"]
[Site "Peristeri GRE"]
[Date "2010.07.10"]
[Round "6"]
[White "Paganoglou,A"]
[Black "Genova,Ly"]
[Result "0-1"]
[WhiteElo "1974"]
[BlackElo "2260"]

1.e4 c5 2.Nf3 Nc6 3.d4 cxd4 4.Nxd4 e6 5.Nc3 Qc7 6.Be3 a6 7.Qd2 Nf6 8.f3 Bb4
9.O-O-O O-O 10.Kb1 d5 11.exd5 exd5 12.Bg5 Qd6 13.Bxf6 Bxc3 14.Qg5 Qxf6 15.Qxf6 gxf6
16.bxc3 Ne5 17.Bd3 b5 18.Bf5 Bb7 19.g4 Nc4 20.h4 Rad8 21.g5 Rd6 22.Rdg1 Kh8
23.h5 fxg5 24.Rxg5 h6 25.Rgg1 Bc8 26.Bd3 Rf6 27.Rg3 Rg8 28.Rxg8+ Kxg8 29.Re1 Kf8
30.Bxc4 dxc4 31.Kb2 Bd7 32.Ka3 a5 33.Re5 Rf4 34.Nxb5 Rxf3 35.Kb2 Rf5 36.Rxf5 Bxf5
37.Nd6 Be6 38.Ka3 f5 39.Ka4 Ke7 40.Nb5 f4 41.Nd4 Bg4 42.Kxa5 f3 43.Nxf3 Bxf3
44.Kb5 Bxh5 45.Kxc4 Bf7+ 46.Kd4 Bxa2 47.Ke5 Be6 48.Kf4 h5 49.Kg5 Bg4 50.Kh4 Kd6  0-1

[Event "1st Open"]
[Site "Vaujany FRA"]
[Date "2010.07.10"]
[Round "1"]
[White "Szili,A"]
[Black "Szabolcsi,J"]
[Result "0-1"]
[WhiteElo "1985"]
[BlackElo "2332"]

1.e4 c5 2.Nf3 e6 3.d4 cxd4 4.Nxd4 Nc6 5.Nc3 Qc7 6.Ndb5 Qb8 7.Be3 Nf6 8.g3 a6
9.Nd4 d6 10.Bg2 Bd7 11.O-O Be7 12.a3 O-O 13.f4 Re8 14.g4 Nxd4 15.Bxd4 e5
16.fxe5 Bxg4 17.Bf3 dxe5 18.Be3 Bh3 19.Qe2 Bxf1 20.Rxf1 Qc8 21.Qg2 Bc5  0-1

[Event "ZDMI Open"]
[Site "Dresden GER"]
[Date "2010.07.11"]
[Round "2"]
[White "Koths,P"]
[Black "Iotov,V"]
[Result "0-1"]
[WhiteElo "1931"]
[BlackElo "2581"]

1.e4 c5 2.Nf3 e6 3.d4 cxd4 4.Nxd4 Nc6 5.Nc3 Qc7 6.Be2 a6 7.Be3 Nf6 8.O-O Be7
9.f4 d6 10.Kh1 O-O 11.a4 Re8 12.Qd2 Bf8 13.Nb3 b6 14.Bf3 Rb8 15.Rad1 Na5
16.Qf2 Nc4 17.Bc1 b5 18.axb5 axb5 19.Nd2 b4 20.Na4 Na5 21.Nb3 Ba6 22.Rfe1 Bb5
23.Nxa5 Qxa5 24.b3 Bxa4 25.bxa4 Qxa4 26.e5 dxe5 27.fxe5 Nd7 28.Be4 Nc5 29.Re3 Nxe4
30.Rxe4 Rec8 31.Re2 Rb7 32.Be3 Rd7 33.Rxd7 Qxd7 34.Rd2 Qa4 35.Qf4 b3 36.Rd4 Qa1+  0-1

[Event "1st Open"]
[Site "Vaujany FRA"]
[Date "2010.07.11"]
[Round "2"]
[White "Vovk,Y"]
[Black "Szabolcsi,J"]
[Result "1-0"]
[WhiteElo "2561"]
[BlackElo "2332"]

1.e4 c5 2.Nf3 e6 3.d4 cxd4 4.Nxd4 Nc6 5.Nc3 Qc7 6.Be3 a6 7.Qd2 Nf6 8.O-O-O Bb4
9.f3 Ne7 10.Nde2 d5 11.Bg5 dxe4 12.Bxf6 gxf6 13.a3 Bxc3 14.Nxc3 exf3 15.Bb5+ Nc6
16.Bxc6+ bxc6 17.Ne4 h5 18.Nxf6+ Kf8 19.gxf3 Bb7 20.Qg5 c5 21.Rd7  1-0

[Event "ZDMI Open"]
[Site "Dresden GER"]
[Date "2010.07.12"]
[Round "3"]
[White "Rothe,G"]
[Black "Boehme Ziska,C"]
[Result "1-0"]
[WhiteElo "2159"]
[BlackElo "1711"]

1.e4 c5 2.Nf3 e6 3.d4 cxd4 4.Nxd4 Nc6 5.Nc3 Nf6 6.Nxc6 bxc6 7.e5 Nd5 8.Ne4 Qh4
9.Bd3 h6 10.O-O c5 11.c4 Nb4 12.Be3 Bb7 13.g3 Qh3 14.f3 Nxd3 15.Qxd3 Bxe4
16.Qxe4 Rb8 17.b3 Qf5 18.Qxf5 exf5 19.Rfd1 a5 20.Rd5 a4 21.bxa4 Ra8 22.Rb1 g5
23.Rb7 f4 24.Bf2 fxg3 25.hxg3 f5 26.Rdxd7 Rxa4 27.e6 Ra8 28.a4 Rg8 29.e7 Bg7
30.Rd8+ Rxd8 31.exd8=Q+ Kxd8 32.Rb8+ Kc7 33.Rxg8 Bd4 34.Rg6  1-0

[Event "Int ch-SVK OpenA"]
[Site "Banska Stiavnica SVK"]
[Date "2010.07.13"]
[Round "4"]
[White "Jancovic,P"]
[Black "Hrabusa,M"]
[Result "0-1"]
[WhiteElo "2162"]
[BlackElo "2296"]

1.e4 c5 2.Nf3 Nc6 3.d4 cxd4 4.Nxd4 e6 5.Nc3 Qc7 6.Be2 Nf6 7.Be3 a6 8.O-O Be7
9.f4 d6 10.Kh1 O-O 11.Qe1 Nxd4 12.Bxd4 b5 13.e5 Ne8 14.Bd3 Bb7 15.Qg3 g6
16.Rae1 b4 17.Ne4 Bxe4 18.Rxe4 d5 19.Re3 Bc5 20.Bxc5 Qxc5 21.f5 exf5 22.Bxf5 Ng7
23.Bd3 a5 24.Rfe1 Rae8 25.Qh4 h5 26.g4 Qd4 27.h3 Ne6 28.Qg3 hxg4 29.hxg4 Kg7
30.Rf1 Rh8+ 31.Kg2 g5 32.Rf5 Nf4+ 33.Kf2 Rh3 34.Rxf4 gxf4 35.Qxh3 Rh8 36.Kg2 Rxh3
37.Rxh3 Qxb2 38.Rh7+ Kg8 39.Rh5 Qxa2 40.Rf5 b3  0-1

[Event "GM"]
[Site "Bogota COL"]
[Date "2010.07.13"]
[Round "4"]
[White "Vescovi,G"]
[Black "Barrientos,S"]
[Result "1-0"]
[WhiteElo "2632"]
[BlackElo "2477"]

1.e4 c5 2.Nf3 e6 3.d4 cxd4 4.Nxd4 Nc6 5.Nc3 Qc7 6.Be3 a6 7.Qd2 Nf6 8.f3 Ne5
9.O-O-O b5 10.Kb1 h5 11.Bf4 b4 12.Na4 Bb7 13.Nb3 Bc6 14.Nb6 Qxb6 15.Bxe5 d5
16.exd5 Nxd5 17.Bd4 Qc7 18.Bc4 Bb7 19.Bd3 Be7 20.Rhe1 Bf6 21.Bxf6 gxf6 22.Be4 O-O-O
23.Bxd5 Rxd5 24.Qxb4 Rhd8 25.Rxd5 Rxd5 26.c4 Qd6 27.Qxd6 Rxd6 28.Kc2 h4 29.Nc5 Bc6
30.h3 f5 31.b4 a5 32.b5 Ba8 33.Nb3 a4 34.Nc5 a3 35.Re3 Rd4 36.Kc3 Rd1 37.Kb4 Rb1+
38.Ka5  1-0

[Event "ch-TUR w"]
[Site "Konya TUR"]
[Date "2010.07.13"]
[Round "8"]
[White "Yolal,Sena Gokcen"]
[Black "Tandogan,Buket"]
[Result "1/2-1/2"]
[WhiteElo "1662"]
[BlackElo "1545"]

1.e4 c5 2.Nf3 Nc6 3.Nc3 e6 4.d4 cxd4 5.Nxd4 Qc7 6.g3 a6 7.Bg2 Nf6 8.O-O Bc5
9.Nxc6 bxc6 10.Na4 Be7 11.c4 d6 12.b3 O-O 13.Bb2 Bb7 14.f4 Nd7 15.Re1 Rfd8
16.Qe2 Rac8 17.c5 Nxc5 18.Nxc5 dxc5 19.e5 Rd7 20.Rad1 Rcd8 21.Be4 c4 22.Rxd7 Qxd7
23.Qxc4 c5 24.Bc3 Bxe4 25.Qxe4 h6 26.Kf2 Qb5 27.h4 Rc8 28.f5 exf5 29.Qxf5 Rf8
30.Qg4 Qd3 31.Bb2 Qc2+ 32.Re2 Qd3 33.Qf4 Qd5 34.Rd2 Qe6 35.Qc4 Qc8 36.Kg1 Qc6
37.Rc2 Qg6 38.Rg2 Rd8 39.Qc2 Qc6 40.Rd2 Rc8 41.Qc4 Rf8 42.Rd5 Qg6 43.Qd3 Qg4
44.Kh2 Qe6 45.Rd7 Rb8 46.Rd5 Qc8 47.Bc1 Rb6 48.Rd7 Re6 49.Qd5 Qb8 50.Bb2 Qc8
51.Qb7 Qe8 52.Qc7 Kf8 53.Ba3 Rxe5  1/2-1/2

[Event "2nd Artemis Cup"]
[Site "Leros GRE"]
[Date "2010.07.13"]
[Round "1"]
[White "Reppen,E"]
[Black "Mastrovasilis,D"]
[Result "0-1"]
[WhiteElo "1962"]
[BlackElo "2583"]

1.e4 c5 2.Nf3 e6 3.d4 cxd4 4.Nxd4 Nc6 5.Nc3 Qc7 6.Be2 a6 7.O-O Nf6 8.Be3 Bb4
9.Nxc6 bxc6 10.Bd3 d5 11.exd5 cxd5 12.Ne2 Bd6 13.h3 O-O 14.c4 dxc4 15.Rc1 Bh2+
16.Kh1 cxd3 17.Rxc7 dxe2 18.Qxe2 Bxc7 19.Rc1 Nd5 20.Bc5 Rd8 21.Be3 Bb7 22.h4 Rac8
23.h5 Nf4 24.Bxf4 Bxf4 25.Rf1 Rd5 26.Kg1 Rcc5 27.g4 Rxh5 28.f3 Rhd5 29.b4 Rc7
30.Qe4 g5 31.a3 Rd2  0-1

[Event "Open A"]
[Site "Oberwart AUT"]
[Date "2010.07.13"]
[Round "1"]
[White "Kammerer,G"]
[Black "Kovacs,Ga2"]
[Result "0-1"]
[WhiteElo "2078"]
[BlackElo "2500"]

1.e4 c5 2.Nf3 e6 3.d4 cxd4 4.Nxd4 Nc6 5.Nc3 Qc7 6.Be2 a6 7.O-O Nf6 8.Be3 Be7
9.f4 d6 10.Qe1 O-O 11.Qg3 Bd7 12.Rad1 Rac8 13.Bf3 Rfd8 14.Nb3 b5 15.Qf2 Rb8
16.g4 Bc8 17.g5 Nd7 18.f5 g6 19.h4 Nde5 20.h5 b4 21.Na4 exf5 22.hxg6 hxg6
23.Qh4 Bf8 24.Rd2 Bg7 25.Nd4 Nxd4 26.Bxd4 Re8 27.exf5 Bxf5 28.c3 Qe7 29.cxb4 Rxb4
30.Nc3 Rxd4 31.Rxd4 Qa7 32.Kg2 Nxf3  0-1

[Event "5th Summer Cup"]
[Site "Porto Carras GRE"]
[Date "2010.07.13"]
[Round "4"]
[White "Sideris,G"]
[Black "Tassopoulos,M"]
[Result "0-1"]
[WhiteElo "1976"]
[BlackElo "2257"]

1.e4 c5 2.Nc3 e6 3.Nf3 Nc6 4.d4 cxd4 5.Nxd4 Qc7 6.Be2 a6 7.O-O Nf6 8.Kh1 Nxd4
9.Qxd4 Bc5 10.Qd3 b5 11.a3 Bb7 12.f4 d6 13.Bf3 Rd8 14.Qe2 Bd4 15.Bd2 O-O
16.Rac1 Rc8 17.g4 Qc4 18.Qg2 Bxc3 19.Bxc3 Nxe4 20.Bb4 Rfd8 21.Rfd1 Qc6 22.Rd3 d5
23.Rcd1 Qb6 24.Be1 Qc7 25.c3 Nc5 26.Rd4 Nb3 27.Rb4 Na5 28.Rbd4 Nc6 29.R4d3 Qxf4
30.Bg3 Qf6 31.Re1 Na5 32.Be5 Qe7 33.g5 Qd7 34.Qf2 Nc4 35.Bg3 Nd6 36.Kg1 Qc6
37.Be5 Nc4 38.Bg3 Qb6 39.Rd4 Nd6 40.Be5 Nf5 41.Rd2 Qxf2+ 42.Rxf2 Rc4 43.Rd1 Rcc8
44.Re1 Rc4 45.Rd1 Ne3 46.Rd4 Rxd4 47.Bxd4 Nc4 48.Re2 Rc8 49.Bg4 Re8 50.Bc5 Bc6
51.h4 Na5 52.Bd6 Nb7 53.Be5 Nc5 54.Bf3 Nd7 55.Bg3 e5 56.Bg4 f6 57.gxf6 gxf6
58.Rf2 Kg7 59.h5 Rf8 60.h6+ Kxh6 61.Bxd7 Bxd7 62.Bxe5 Rg8+ 63.Kf1 fxe5 64.Rh2+ Kg7  0-1

[Event "7th South Wales Int"]
[Site "Treforest WLS"]
[Date "2010.07.13"]
[Round "6"]
[White "Rudd,J"]
[Black "Davis,Le"]
[Result "1/2-1/2"]
[WhiteElo "2236"]
[BlackElo "1955"]

1.e4 c5 2.Nf3 Nc6 3.d4 cxd4 4.Nxd4 e6 5.Nc3 a6 6.Nxc6 bxc6 7.Bd3 d5 8.O-O Nf6
9.exd5 cxd5 10.Re1 Be7 11.Bg5 O-O 12.Qf3 Ra7 13.Rad1 Qa5 14.Qh3 e5 15.Bf5 Bxf5
16.Qxf5 d4 17.Rxd4 Qb6 18.Rh4 g6 19.Qxe5 Bd8 20.Bh6 Re7 21.Qxe7 Bxe7 22.Rxe7 Qxb2
23.Bd2 Rd8 24.Be1 Re8 25.Rxe8+ Nxe8 26.Re4 Nf6 27.Re2 Qc1 28.g3 h5 29.Kg2 Qb2
30.a4 h4 31.f3 Qb7 32.gxh4 Qc6 33.a5 Nh5 34.Re4 f5 35.Rd4 Qc7 36.Bd2 Qxa5
37.Nd5 Qc5 38.c3 Kf7 39.Nb4 Nf6 40.Nd3 Qe7 41.Kf2 Qc7 42.f4 Ne4+ 43.Ke3 Kf6
44.Ne5 Ke6 45.Be1 Nxc3 46.Rc4 Nd5+ 47.Kf3 Qb7 48.Rc6+ Ke7 49.Bd2 Qb3+ 50.Ke2 Qh3
51.Nxg6+ Kd7 52.Ne5+ Ke7 53.Kd1 a5 54.Bxa5 Qb3+ 55.Ke1 Qe3+ 56.Kd1 Qb3+ 57.Ke1 Qe3+  1/2-1/2

[Event "2nd Open"]
[Site "Rethymno GRE"]
[Date "2010.07.14"]
[Round "3"]
[White "Schut,L"]
[Black "Vorobiov,E"]
[Result "0-1"]
[WhiteElo "2286"]
[BlackElo "2592"]

1.e4 c5 2.Nf3 Nc6 3.d4 cxd4 4.Nxd4 e6 5.Nc3 Qc7 6.Be2 a6 7.O-O Nf6 8.Be3 Be7
9.f4 d6 10.a4 O-O 11.Bf3 Nxd4 12.Qxd4 e5 13.Qd2 exf4 14.Bxf4 Be6 15.Kh1 Nd7
16.Rad1 Ne5 17.Bxe5 dxe5 18.Nd5 Bxd5 19.exd5 Rad8 20.b3 f5 21.g4 e4 22.Bg2 Bd6
23.Rxf5 Rxf5 24.gxf5 Qe7 25.f6 Qxf6 26.Bxe4 Rf8 27.Bd3 Qf3+  0-1

[Event "1st Open"]
[Site "Vaujany FRA"]
[Date "2010.07.14"]
[Round "5"]
[White "Sengupta,D"]
[Black "Guido,F"]
[Result "1-0"]
[WhiteElo "2527"]
[BlackElo "2397"]

1.e4 c5 2.Nf3 e6 3.d4 cxd4 4.Nxd4 Nc6 5.Nc3 d6 6.g4 Nge7 7.Nb3 a6 8.Be3 b5
9.f4 Bb7 10.Qd2 Na5 11.Nxa5 Qxa5 12.Bg2 b4 13.Ne2 d5 14.e5 h5 15.f5 Nc6 16.fxe6 fxe6
17.Nd4 Nxd4 18.Bxd4 Bc5 19.Bh3 Bxd4 20.Qxd4 Rc8 21.O-O-O Qxa2 22.Qxb4 Qc4
23.Qxc4 Rxc4 24.gxh5 Rxh5 25.Bxe6 Rxe5 26.Bh3 Re2 27.Bf5 Rf4 28.Bd3 Re5 29.Rhg1 Kf7
30.Rg3 g5 31.Rdg1 Kf6 32.Rh3 d4 33.Rh8 Be4 34.Rf8+ Ke6 35.Re8+ Kf6 36.Rxe5 Kxe5
37.Rxg5+ Kf6 38.Ra5 Bxd3 39.cxd3 Rf1+ 40.Kc2 Rf2+ 41.Kb3 Rd2 42.Kc4 Rxb2
43.h4 Rh2 44.h5 Rh4 45.Rxa6+ Ke5 46.Rb6 Kf4 47.h6 Ke3 48.Rd6 Kd2 49.Rxd4 Rxh6
50.Rd8 Rc6+ 51.Kd5 Rh6 52.d4 Kd3 53.Kc5 Rh4 54.d5 Rc4+ 55.Kd6  1-0

[Event "Int ch-SVK OpenA"]
[Site "Banska Stiavnica SVK"]
[Date "2010.07.15"]
[Round "6"]
[White "Pecha,T"]
[Black "Cvek,R"]
[Result "0-1"]
[WhiteElo "2187"]
[BlackElo "2473"]

1.e4 c5 2.Nf3 e6 3.d4 cxd4 4.Nxd4 Nc6 5.Nc3 Qc7 6.Be2 a6 7.Be3 Nf6 8.a3 Be7
9.O-O O-O 10.Kh1 d6 11.f4 Bd7 12.Nb3 Rfd8 13.g4 d5 14.exd5 Nxd5 15.Nxd5 exd5
16.Nd4 Re8 17.Qd2 Bd6 18.Rae1 Nxd4 19.Bxd4 Re4 20.f5 Rae8 21.c3 Bf4 22.Qd1 Bxh2
23.Bf3 Bc6 24.Bxe4 dxe4 25.Re3 Bf4 26.Qe1 f6 27.Qf2 Bxe3 28.Qxe3 Qf7 29.Rg1 h6
30.Rg2 Qb3 31.Kh2 Rd8 32.Rd2 Kh7 33.Kg3 Qd5 34.Rh2 Rd7 35.Qf4 Qb3 36.Rd2 Rxd4
37.Rxd4 Qxb2 38.Qd2 Qxa3 39.Rd8 Qa1 40.Kf2 Qh1 41.Qf4 Qh4+ 42.Kf1 Bb5+ 43.Kg2 e3  0-1

[Event "Helmut Kohls It"]
[Site "Dortmund GER"]
[Date "2010.07.15"]
[Round "1"]
[White "Mainka,R"]
[Black "Mladenov,Sv"]
[Result "1-0"]
[WhiteElo "2484"]
[BlackElo "2463"]

1.e4 c5 2.Nf3 e6 3.Nc3 Nc6 4.d4 cxd4 5.Nxd4 Qc7 6.Be2 a6 7.O-O Nf6 8.Be3 Bb4
9.Na4 Be7 10.Nxc6 bxc6 11.Nb6 Rb8 12.Nxc8 Qxc8 13.Bd4 c5 14.Be5 Rb6 15.Qd3 d6
16.Bc3 O-O 17.b3 d5 18.exd5 Nxd5 19.Be5 Rd8 20.Qg3 f6 21.Bb2 Bd6 22.Qg4 Qc7
23.g3 Be5 24.Bxe5 Qxe5 25.Bc4 Qc3 26.Rae1 f5 27.Qh5 Nc7 28.Qh4 Qd4 29.Qe7 Rd7
30.Qg5 Rbd6 31.Re2 Qf6 32.Qf4 Nd5 33.Qf3 g5 34.h3 Kg7 35.Rfe1 Nc7 36.Kg2 Kg6
37.Re5 Nd5 38.Bxd5 exd5 39.g4 fxg4 40.Qd3+ Kg7 41.hxg4 Qf4 42.Re7+ Rxe7 43.Rxe7+ Kf6
44.Qxh7 Qxg4+ 45.Kf1 Qd1+ 46.Re1 Qf3 47.Qe7+ Kf5 48.Re5+  1-0

[Event "I Open"]
[Site "Girona ESP"]
[Date "2010.07.15"]
[Round "3"]
[White "Dellonder Domenech,Esteve"]
[Black "Perez Lopez,JoA"]
[Result "1/2-1/2"]
[WhiteElo "1672"]
[BlackElo "2003"]

1.e4 e6 2.Nc3 c5 3.Nf3 Nc6 4.d4 cxd4 5.Nxd4 a6 6.Be3 Bb4 7.Nxc6 bxc6 8.Qd4 Bxc3+
9.Qxc3 f6 10.e5 fxe5 11.Qxe5 Qf6 12.Bd4 Qxe5+ 13.Bxe5 Nf6 14.h3 d5 15.c4 O-O
16.c5 a5 17.Bd3 Ba6 18.Bxa6 Rxa6 19.f3  1/2-1/2